<?xml version="1.0" encoding="UTF-8"?><?xml-stylesheet type="text/xsl" href="static/style.xsl"?><OAI-PMH xmlns="http://www.openarchives.org/OAI/2.0/" xmlns:xsi="http://www.w3.org/2001/XMLSchema-instance" xsi:schemaLocation="http://www.openarchives.org/OAI/2.0/ http://www.openarchives.org/OAI/2.0/OAI-PMH.xsd"><responseDate>2026-06-01T08:32:04Z</responseDate><request verb="GetRecord" identifier="oai:riuma.uma.es:10630/45485" metadataPrefix="marc">https://riuma.uma.es/rest/oai/request</request><GetRecord><record><header><identifier>oai:riuma.uma.es:10630/45485</identifier><datestamp>2026-02-18T00:47:23Z</datestamp><setSpec>com_10630_2254</setSpec><setSpec>col_10630_37957</setSpec></header><metadata><record xmlns="http://www.loc.gov/MARC21/slim" xmlns:dcterms="http://purl.org/dc/terms/" xmlns:doc="http://www.lyncode.com/xoai" xmlns:xsi="http://www.w3.org/2001/XMLSchema-instance" xsi:schemaLocation="http://www.loc.gov/MARC21/slim http://www.loc.gov/standards/marcxml/schema/MARC21slim.xsd">
   <leader>00925njm 22002777a 4500</leader>
   <datafield ind2=" " ind1=" " tag="042">
      <subfield code="a">dc</subfield>
   </datafield>
   <datafield ind2=" " ind1=" " tag="720">
      <subfield code="a">Díaz Martínez, Marta</subfield>
      <subfield code="e">author</subfield>
   </datafield>
   <datafield ind2=" " ind1=" " tag="260">
      <subfield code="c">2026-01-26</subfield>
   </datafield>
   <datafield ind2=" " ind1=" " tag="520">
      <subfield code="a">Esta tesis explora los vínculos entre la alta cocina y el arte desde la mirada cinematográfica. Estudia cómo las food films construyen una imagen simbólica y cultural de la alta gastronomía a través de la revisión de 30 películas de ficción producidas entre 1973 y 2023. Para ello, se aplica una metodología mixta de análisis de contenido cuantitativo y cualitativo, mediante la cual se examina la proyección de cuatro categorías clave: chef, proceso creativo, degustación y crítico gastronómico, que posteriormente se contrastan con teorías estéticas y entrevistas a profesionales del sector. El estudio concluye que el cine no solo refleja y eleva la alta cocina a la categoría de arte, sino que ofrece una mirada crítica sobre el elitismo, la presión y la espectacularización de la misma.</subfield>
   </datafield>
   <datafield ind1="8" ind2=" " tag="024">
      <subfield code="a">https://hdl.handle.net/10630/45485</subfield>
   </datafield>
   <datafield tag="653" ind2=" " ind1=" ">
      <subfield code="a">Cocina en el cine - Tesis doctorales</subfield>
   </datafield>
   <datafield ind2="0" ind1="0" tag="245">
      <subfield code="a">La representación de la alta cocina en el cine de género gastronómico 1973-2023</subfield>
   </datafield>
</record>
</metadata></record></GetRecord></OAI-PMH>